LIBRARY & INFORMATION CENTRE, KCAET, TAVANUR

ONLINE PUBLIC ACCESS CATALOGUE (OPAC)

Normal view MARC view
  • Williams, Enrys

Entry Personal Name

Number of records used in: 1

001 - CONTROL NUMBER

  • control field: 6600

003 - CONTROL NUMBER IDENTIFIER

  • control field: OSt

005 - DATE AND TIME OF LATEST TRANSACTION

  • control field: 20241226122639.0

008 - FIXED-LENGTH DATA ELEMENTS

  • fixed length control field: 241226|| aca||aabn | a|a d

040 ## - CATALOGING SOURCE

  • Original cataloging agency: OSt
  • Transcribing agency: OSt

100 ## - HEADING--PERSONAL NAME

  • Personal name: Williams, Enrys

670 ## - SOURCE DATA FOUND

  • Source citation: Work cat.: (OSt)8915: Williams, Enrys ., Electric filter circuits: An introductory course / , 1963.
free website counter